01945nam a2200265uu 4500001000800000005001700008007001000025008004100035035001200076040001300088041000800101080000800109100004500117245011500162260004300277300001700320520120500337650001901542650001301561650001701574700003001591700003801621502001201659526000801671152506320260508093556.0cr|||||||190508s2018 spa  a1525063 ccomduadb aspa aPQU10aGiraldo Gallego, Deissy Andrea4auteaut10aOptimización de un proceso papelero con la aplicación de un aditivo químico para la resistencia en seco. aMedellín :b[sin publicador],c2018. a48 páginas3 aPapelsa S.A es una empresa productora de papel para cartón corrugado a partir únicamente de fibra reciclada, lo anterior hace que lograr las propiedades físicas, mecánicas y especificas del producto final sea más complejo; para contrarrestar dicha problemática se requiere la implementación de operaciones mecánicas y aditivos químicos. En el presente informe se analiza las variables directamente relacionadas con la disminución de propiedades físicas en el papel y muestra los resultados obtenidos dúrate un ensayo progresivo de cinco meses con un aditivo químico que proporciona resistencia en seco al papel, mejora el drenaje y retención en la mesa. La química del producto se basa en un polímero sintético conformado por el monómero polyvynilamida y fue adicionado en la parte humedad del papel. Algunos resultados obtenidos en el periodo de prueba fueron: diminución de pesos bases para diferentes grados de papel, aumento de velocidades, eliminación de otros aditivos entre otros. Lo anterior es finalmente concluido por un análisis de rentabilidad donde se tiene en cuenta los aspectos positivos de la adición del químico y el costo del producto. aOptimización aAditivos aResistencias10aGil, Jorge Omar4thseths10aOrejuela Balanda, Diego4thseths b178c17 a180